Animaux de la jungle par poids - Statistiques

Statistiques générales
  • Ce quiz a été pris 109 fois
  • Le résultat moyen est 4 sur 15
Statistiques - réponses
Hint Réponse % Correct
Eléphant d'Asie 3500 kg
77%
Mygale de Leblond 0,125 kg
43%
Buffle indien 800 kg
43%
Phyllobate terrible 0,0025 kg
39%
Paon bleu 5 kg
34%
Harpie féroce 6,5 kg
27%
Jaguar 90 kg
27%
Python royal 45 kg
25%
Tigre du Bengale 220 kg
23%
Gorille 200 kg
20%
Orang-outan 70 kg
20%
Ours lippu 130 kg
14%
Mandrill 17 kg
14%
Tapir 300 kg
14%
Anaconda vert 170 kg
5%
Aucun quiz correspondant
Distribution des résultats
% des personnes avec chaque résultat
Percentile par nombre de réponses
Votre historique - résultats
Vous n’avez pas pris ce quiz